[Event "18th Capablanca Memorial group A"]
[Site "Cienfuegos City CUB"]
[Date "1983.??.??"]
[Round "1"]
[White "Rivas Pastor, Manuel"]
[Black "Zapata Ramirez, Alonso"]
[Result "1-0"]
[WhiteElo "2465"]
[BlackElo "2425"]
[EventDate "1983.05.??"]
[PlyCount "119"]

1.c4 Nf6 2.Nc3 d6 3.d4 Nbd7 4.e4 e5 5.Nge2 Be7 6.f3 O-O 7.Be3 c6 8.Qd2 a6 
9.d5 cxd5 10.cxd5 b5 11.Ng3 Nb6 12.b3 Bd7 13.Bd3 Qc7 14.O-O Rfc8 15.Rfc1 
Qb7 16.a4 b4 17.Nd1 a5 18.Nb2 Bd8 19.Qe2 Rxc1+ 20.Rxc1 Rc8 21.Rxc8 Qxc8 
22.Nf1 Nh5 23.g3 f5 24.Qc2 fxe4 25.Qxc8 Bxc8 26.fxe4 Nf6 27.Kg2 Kf8 28.Nd2
Ke8 29.h3 h6 30.Bb5+ Bd7 31.Bxd7+ Nbxd7 32.Nbc4 Bc7 33.Kf3 Ng8 34.Nf1 Kf7 
35.g4 Ne7 36.Ng3 Nc8 37.Nf5 Kg6 38.Ng3 Kf7 39.Ke2 Bd8 40.Kd3 Bc7 41.Nf5 
Kf6 42.Nd2 Ncb6 43.Nc4 Nc8 44.Nd2 Ncb6 45.h4 Kf7 46.Nf3 Kf6 47.Bg1 Bb8 48.
Bf2 Bc7 49.Be3 Bb8 50.h5 Bc7 51.N3h4 Bb8 52.Ng6 Nc5+ 53.Bxc5 dxc5 54.Ne3 
Bd6 55.Nh4 Kg5 56.Nhf5 Bf8 57.d6 Nd7 58.Nc4 Kxg4 59.Nxa5 Kxh5 60.Nc4 1-0

[Event "18th Capablanca Memorial group A"]
[Site "Cienfuegos City CUB"]
[Date "1983.??.??"]
[Round "1"]
[White "Boudy Bueno, Julio"]
[Black "Remon Gay, Adelquis"]
[Result "1-0"]
[WhiteElo "2335"]
[BlackElo "2375"]
[EventDate "1983.05.??"]
[PlyCount "79"]

1.d4 f5 2.Bg5 d6 3.h4 Nd7 4.Qd3 Ndf6 5.Nc3 c6 6.O-O-O b5 7.f3 Qa5 8.a3 b4 
9.axb4 Qxb4 10.e4 Rb8 11.b3 Qa3+ 12.Kb1 d5 13.Bc1 Qa5 14.exf5 e6 15.fxe6 
Bb4 16.Na2 Bd6 17.Nh3 Ne7 18.Bf4 Qc7 19.Bxd6 Qxd6 20.Ng5 O-O 21.Re1 a5 22.
Qc3 a4 23.b4 h6 24.Nf7 Qc7 25.g4 Ne8 26.Qc5 Ra8 27.Bd3 Ba6 28.h5 Bxd3 29.
cxd3 Rb8 30.Rhg1 Rb5 31.Qc1 Qb8 32.g5 hxg5 33.h6 g6 34.Qxg5 Rxb4+ 35.Ka1 
Qb6 36.h7+ Kg7 37.Qh6+ Kf6 38.h8=Q+ Rxh8 39.Qxh8+ Ng7 40.Qh4+ 1-0

[Event "18th Capablanca Memorial group A"]
[Site "Cienfuegos City CUB"]
[Date "1983.??.??"]
[Round "1"]
[White "Fernandez Gonzalez, Juan Carlos"]
[Black "Pfleger, Helmut"]
[Result "1-0"]
[WhiteElo "2410"]
[BlackElo "2505"]
[EventDate "1983.05.??"]
[PlyCount "135"]

1.c4 Nf6 2.d4 g6 3.Nc3 Bg7 4.e4 d6 5.Be2 O-O 6.Bg5 h6 7.Be3 e5 8.d5 Nbd7 
9.Qd2 Nc5 10.f3 a5 11.h4 h5 12.Nh3 Bxh3 13.Rxh3 Qd7 14.O-O-O a4 15.Rg1 c6 
16.Rd1 a3 17.b3 Rfd8 18.Kb1 cxd5 19.cxd5 Rdc8 20.Rhh1 Qd8 21.Rc1 Qf8 22.b4
Ncd7 23.Nb5 Rxc1+ 24.Rxc1 Ne8 25.Rc3 f5 26.Rxa3 Rxa3 27.Nxa3 fxe4 28.fxe4 
Nef6 29.Qc2 Ng4 30.Bxg4 hxg4 31.Kb2 Kh7 32.Nb5 Nf6 33.Kb3 g3 34.a4 Ng4 35.
Bb6 Qf1 36.Nxd6 Nf2 37.Nf7 Qxg2 38.Ng5+ Kh6 39.Nf7+ Kh5 40.Qe2+ Kxh4 41.
Bd8+ Kh3 42.Ng5+ Kh2 43.d6 Qh1 44.Kb2 Qg2 45.Nf3+ Kh3 46.d7 Nd3+ 47.Kc3 
Qxe2 48.Ng1+ Kg4 49.Nxe2 Nf4 50.Ng1 Ne6 51.Be7 Bh6 52.d8=Q Nxd8 53.Bxd8 
Be3 54.Ne2 g2 55.Be7 Kf3 56.Kd3 g1=Q 57.Nxg1+ Bxg1 58.a5 Bf2 59.b5 Kf4 60.
Bb4 Ba7 61.Bd2+ Kf3 62.b6 Bb8 63.Bg5 Bd6 64.Bd8 Bc5 65.Kc4 Be3 66.Kd5 g5 
67.Bxg5 Bxg5 68.a6 1-0

[Event "18th Capablanca Memorial group A"]
[Site "Cienfuegos City CUB"]
[Date "1983.??.??"]
[Round "1"]
[White "Hernandez Onna, Roman"]
[Black "Diaz Diaz, Joaquin"]
[Result "1/2-1/2"]
[WhiteElo "2435"]
[BlackElo "2365"]
[EventDate "1983.05.??"]
[PlyCount "42"]

1.d4 d5 2.Nf3 e6 3.c4 Nf6 4.Nc3 Be7 5.Bg5 h6 6.Bh4 O-O 7.e3 b6 8.cxd5 Nxd5
9.Bxe7 Qxe7 10.Nxd5 exd5 11.Rc1 Be6 12.Qa4 c5 13.Qa3 Rc8 14.Be2 Qb7 15.b3 
c4 16.bxc4 dxc4 17.Nd2 b5 18.Bf3 Bd5 19.e4 Bc6 20.O-O Qb6 21.d5 Bb7 
1/2-1/2

[Event "18th Capablanca Memorial group A"]
[Site "Cienfuegos City CUB"]
[Date "1983.??.??"]
[Round "1"]
[White "Prandstetter, Eduard"]
[Black "Rodriguez Cespedes, Amador"]
[Result "1/2-1/2"]
[WhiteElo "2430"]
[BlackElo "2475"]
[EventDate "1983.05.??"]
[PlyCount "48"]

1.e4 c5 2.Nf3 d6 3.d4 cxd4 4.Nxd4 Nf6 5.Nc3 Nc6 6.Bg5 e6 7.Qd2 Nxd4 8.Qxd4
Bd7 9.O-O-O Qa5 10.Bd2 a6 11.Kb1 Qc5 12.Qxc5 dxc5 13.f3 Bc6 14.Be2 Be7 15.
Bf4 O-O 16.Bd6 Bxd6 17.Rxd6 Rfd8 18.Rxd8+ Rxd8 19.Rd1 Rd4 20.Rxd4 cxd4 21.
Nd1 Kf8 22.c3 dxc3 23.Nxc3 Ke7 24.Kc2 g5 1/2-1/2

[Event "18th Capablanca Memorial group A"]
[Site "Cienfuegos City CUB"]
[Date "1983.??.??"]
[Round "2"]
[White "Zapata Ramirez, Alonso"]
[Black "Rodriguez Cespedes, Amador"]
[Result "1/2-1/2"]
[WhiteElo "2425"]
[BlackElo "2475"]
[EventDate "1983.05.??"]
[PlyCount "76"]

1.e4 e5 2.Nf3 Nc6 3.Bb5 a6 4.Ba4 Nf6 5.O-O b5 6.Bb3 Be7 7.Re1 d6 8.c3 O-O 
9.h3 Nb8 10.d4 Nbd7 11.Bg5 Bb7 12.Nbd2 h6 13.Bh4 Re8 14.Re3 c5 15.Qf1 c4 
16.Bc2 Nd5 17.exd5 Bxh4 18.b3 cxb3 19.axb3 Bf6 20.Qd3 g6 21.Rae1 Bg7 22.
dxe5 Nxe5 23.Nxe5 Rxe5 24.c4 Rxe3 25.Qxe3 Kf8 26.Bd3 Rc8 27.Ne4 Qe7 28.
cxb5 axb5 29.Bxb5 Bxd5 30.Nxd6 Qxe3 31.Rxe3 Rc1+ 32.Bf1 Be6 33.Rd3 Be5 34.
Nc4 Bxc4 35.bxc4 Rxc4 36.Rd8+ Ke7 37.Bxc4 Kxd8 38.Bxf7 g5 1/2-1/2

[Event "18th Capablanca Memorial group A"]
[Site "Cienfuegos City CUB"]
[Date "1983.??.??"]
[Round "2"]
[White "Bielczyk, Jacek"]
[Black "Prandstetter, Eduard"]
[Result "1/2-1/2"]
[WhiteElo "2410"]
[BlackElo "2430"]
[EventDate "1983.05.??"]
[PlyCount "25"]

1.e4 e6 2.d4 d5 3.Nc3 Bb4 4.Ne2 Nf6 5.e5 Ne4 6.a3 Bxc3+ 7.Nxc3 Nxc3 8.bxc3
O-O 9.Bd3 f5 10.O-O b6 11.h4 Ba6 12.f4 Bxd3 13.cxd3 1/2-1/2

[Event "18th Capablanca Memorial group A"]
[Site "Cienfuegos City CUB"]
[Date "1983.??.??"]
[Round "2"]
[White "Remon Gay, Adelquis"]
[Black "Fernandez Gonzalez, Juan Carlos"]
[Result "1/2-1/2"]
[WhiteElo "2375"]
[BlackElo "2410"]
[EventDate "1983.05.??"]
[PlyCount "77"]

1.d4 Nf6 2.c4 d6 3.Nc3 Nbd7 4.e4 e5 5.Be3 g6 6.Nf3 Bg7 7.Be2 O-O 8.dxe5 
dxe5 9.h3 Re8 10.Qc2 Nh5 11.g3 Bf8 12.O-O-O c6 13.h4 Qc7 14.Rdg1 Bc5 15.
Nd2 Bxe3 16.fxe3 Ndf6 17.g4 Ng7 18.h5 Re7 19.Qd1 Be6 20.Qe1 Nd7 21.hxg6 
fxg6 22.Qh4 Nf8 23.Nf3 Kh8 24.Ng5 Bg8 25.Rf1 Nge6 26.Nf3 Rf7 27.Qh2 Nd7 
28.Qh6 Rg7 29.Nh4 Ndf8 30.Rf6 Qe7 31.Nxg6+ Nxg6 32.Rxg6 Rxg6 33.Qxg6 Rf8 
34.Qh5 Ng5 35.Rf1 Rxf1+ 36.Bxf1 Bf7 37.Qh2 Bg6 38.Bd3 Kg7 39.Qe2 1/2-1/2

[Event "18th Capablanca Memorial group A"]
[Site "Cienfuegos City CUB"]
[Date "1983.??.??"]
[Round "2"]
[White "Rivas Pastor, Manuel"]
[Black "Boudy Bueno, Julio"]
[Result "1-0"]
[WhiteElo "2465"]
[BlackElo "2335"]
[EventDate "1983.05.??"]
[PlyCount "79"]

1.d4 Nf6 2.c4 g6 3.Nc3 Bg7 4.e4 d6 5.f3 O-O 6.Be3 a6 7.Qd2 b6 8.Rd1 c5 9.
dxc5 bxc5 10.Bxc5 Nc6 11.Be3 Be6 12.b3 Qa5 13.Nge2 Nb4 14.Nd4 Bd7 15.Bd3 
Nxd3+ 16.Qxd3 Rfc8 17.O-O e6 18.Nde2 Rc6 19.Kh1 Rac8 20.Na4 Rxc4 21.Nb6 
R4c7 22.Nxc8 Rxc8 23.Qd2 Qxd2 24.Rxd2 d5 25.e5 Ne8 26.Bd4 a5 27.Rc1 Ra8 
28.f4 h5 29.g3 Rb8 30.Bc5 Bh6 31.Kg2 Rb7 32.Rdc2 Bf8 33.Bxf8 Kxf8 34.Kf2 
Rb4 35.Rd2 f6 36.Nd4 fxe5 37.fxe5 Ng7 38.Rc7 Ke8 39.Ra7 a4 40.bxa4 1-0

[Event "18th Capablanca Memorial group A"]
[Site "Cienfuegos City CUB"]
[Date "1983.??.??"]
[Round "3"]
[White "Boudy Bueno, Julio"]
[Black "Zapata Ramirez, Alonso"]
[Result "0-1"]
[WhiteElo "2335"]
[BlackElo "2425"]
[EventDate "1983.05.??"]
[PlyCount "110"]

1.d4 Nf6 2.c4 g6 3.Nc3 Bg7 4.e4 O-O 5.Be3 d6 6.f3 e5 7.d5 Nh5 8.Qd2 f5 9.
O-O-O Nd7 10.exf5 gxf5 11.Bd3 Ndf6 12.Nge2 Bd7 13.Kb1 Kh8 14.h3 f4 15.Bf2 
a6 16.Rc1 Rg8 17.Rhg1 Qf8 18.Ne4 Nxe4 19.Bxe4 Bf6 20.c5 Rg7 21.Qb4 Rb8 22.
cxd6 cxd6 23.Bb6 Bd8 24.Rc2 Nf6 25.Nc3 Be8 26.Rgc1 Bf7 27.Na4 Nxd5 28.Bxd5
Bxd5 29.Ba7 Ra8 30.Nb6 Bxb6 31.Bxb6 Bc6 32.Rd1 Qf5 33.Kc1 d5 34.Re1 Kg8 
35.Qd6 Re8 36.b3 Rg6 37.Qc5 Qf7 38.Ba5 h6 39.Bc3 Rge6 40.Kb2 Kh7 41.Rce2 
Qf5 42.Qa5 Kg6 43.h4 Bb5 44.Rc2 b6 45.Qb4 Bd3 46.Rcc1 d4 47.Bd2 Qf8 48.h5+
Kxh5 49.Qxf8 Rxf8 50.g3 fxg3 51.Rh1+ Kg6 52.Rxh6+ Kf7 53.Rc7+ Re7 54.Rxe7+
Kxe7 55.Bb4+ Kf7 0-1

[Event "18th Capablanca Memorial group A"]
[Site "Cienfuegos City CUB"]
[Date "1983.??.??"]
[Round "3"]
[White "Hernandez Onna, Roman"]
[Black "Remon Gay, Adelquis"]
[Result "1/2-1/2"]
[WhiteElo "2435"]
[BlackElo "2375"]
[EventDate "1983.05.??"]
[PlyCount "84"]

1.d4 Nf6 2.Nf3 c5 3.d5 b5 4.Bg5 d6 5.Bxf6 exf6 6.e3 a6 7.a4 bxa4 8.Rxa4 
Nd7 9.Be2 Nb6 10.Ra3 Be7 11.O-O f5 12.c4 O-O 13.Nbd2 Bf6 14.Qc2 Re8 15.Nb3
g6 16.Na5 Qc7 17.Ne1 Nd7 18.Nd3 Ne5 19.Nxe5 Bxe5 20.Nc6 Bf6 21.Bf3 h5 22.
Qd2 h4 23.b4 cxb4 24.Qxb4 Bd7 25.Ra5 g5 26.g3 g4 27.Bh1 Kg7 28.Qa3 Bc8 29.
c5 dxc5 30.Qxc5 Bb7 31.d6 Qd7 32.Ne7 Bxe7 33.Bxb7 Qxb7 34.dxe7 h3 35.f3 
Qxe7 36.Qd4+ f6 37.Rxf5 Qxe3+ 38.Qxe3 Rxe3 39.fxg4 Re6 40.g5 fxg5 41.Rxg5+
Rg6 42.Rh5 Rh6 1/2-1/2

[Event "18th Capablanca Memorial group A"]
[Site "Cienfuegos City CUB"]
[Date "1983.??.??"]
[Round "3"]
[White "Prandstetter, Eduard"]
[Black "Diaz Diaz, Joaquin"]
[Result "1-0"]
[WhiteElo "2430"]
[BlackElo "2365"]
[EventDate "1983.05.??"]
[PlyCount "55"]

1.e4 c5 2.Nf3 d6 3.d4 cxd4 4.Nxd4 Nf6 5.Nc3 a6 6.Be2 e5 7.Nb3 Be7 8.O-O 
Be6 9.f4 Qc7 10.a4 Nbd7 11.Be3 O-O 12.Kh1 exf4 13.Rxf4 Ne5 14.Nd4 Nfd7 15.
Rf1 Rfe8 16.Qd2 Bf8 17.Bg1 Rac8 18.Qf4 Nb6 19.Nd1 Nc6 20.Nxe6 fxe6 21.Bh5 
g6 22.Bxb6 Qxb6 23.Bxg6 Re7 24.Bf7+ Kh8 25.Ra3 Bg7 26.Rh3 Rf8 27.Rxh7+ 
Kxh7 28.Qh4+ 1-0

[Event "18th Capablanca Memorial group A"]
[Site "Cienfuegos City CUB"]
[Date "1983.??.??"]
[Round "3"]
[White "Rodriguez Cespedes, Amador"]
[Black "Bielczyk, Jacek"]
[Result "1/2-1/2"]
[WhiteElo "2475"]
[BlackElo "2410"]
[EventDate "1983.05.??"]
[PlyCount "39"]

1.e4 c5 2.Nf3 Nc6 3.d4 cxd4 4.Nxd4 Nf6 5.Nc3 d6 6.Bg5 e6 7.Qd2 a6 8.O-O-O 
Bd7 9.f4 h6 10.Bh4 b5 11.Bxf6 Qxf6 12.e5 dxe5 13.Ndxb5 Qd8 14.Nd6+ Bxd6 
15.Qxd6 exf4 16.Ne4 Qe7 17.Qxf4 O-O 18.Qd6 Ra7 19.Be2 Rb8 20.Qxe7 1/2-1/2

[Event "18th Capablanca Memorial group A"]
[Site "Cienfuegos City CUB"]
[Date "1983.??.??"]
[Round "4"]
[White "Zapata Ramirez, Alonso"]
[Black "Bielczyk, Jacek"]
[Result "1/2-1/2"]
[WhiteElo "2425"]
[BlackElo "2410"]
[EventDate "1983.05.??"]
[PlyCount "72"]

1.e4 c5 2.Nf3 Nc6 3.d4 cxd4 4.Nxd4 Nf6 5.Nc3 d6 6.Nb3 e6 7.f4 a6 8.Bd3 Be7
9.Qe2 Nb4 10.O-O O-O 11.Kh1 Nxd3 12.cxd3 b5 13.Be3 Bb7 14.Rfc1 Nd7 15.Rc2 
Nc5 16.Nd2 Rc8 17.Rac1 g6 18.a3 Nd7 19.b4 Nf6 20.Nb3 Qd7 21.Kg1 Rfe8 22.h3
Nh5 23.g4 Ng7 24.Na5 Ba8 25.Nd1 f5 26.Bb6 e5 27.fxe5 dxe5 28.Rxc8 Rxc8 29.
Rxc8+ Qxc8 30.exf5 gxf5 31.Qxe5 Qc1 32.Qxe7 Qxd1+ 33.Kf2 Qxd3 34.Bc5 Qf3+ 
35.Ke1 Qc3+ 36.Kf2 Qf3+ 1/2-1/2

[Event "18th Capablanca Memorial group A"]
[Site "Cienfuegos City CUB"]
[Date "1983.??.??"]
[Round "4"]
[White "Pfleger, Helmut"]
[Black "Prandstetter, Eduard"]
[Result "1/2-1/2"]
[WhiteElo "2505"]
[BlackElo "2430"]
[EventDate "1983.05.??"]
[PlyCount "80"]

1.Nf3 Nf6 2.c4 e6 3.Nc3 Bb4 4.g3 O-O 5.Bg2 c5 6.O-O Nc6 7.d3 d6 8.Ne4 Nxe4
9.dxe4 Ba5 10.Qd3 Ne5 11.Qc2 Nxf3+ 12.Bxf3 e5 13.Rd1 Bc7 14.a3 Qe7 15.b4 
Be6 16.Bb2 f6 17.e3 Qf7 18.Rac1 cxb4 19.axb4 Rfd8 20.Be2 a5 21.b5 Rab8 22.
Ba3 Kh8 23.Qb1 b6 24.Rd2 Rbc8 25.Rc3 Bb8 26.Qc2 g5 27.Qd1 Bxc4 28.Bxc4 
Rxc4 29.Rxc4 Qxc4 30.Bxd6 Rxd6 31.Rxd6 Bxd6 32.Qxd6 Kg7 33.Qxb6 a4 34.Qa7+
Kg6 35.b6 Qxe4 36.b7 Qb1+ 37.Kg2 Qe4+ 38.Kf1 Qb1+ 39.Ke2 Qc2+ 40.Kf1 Qb1+ 
1/2-1/2

[Event "18th Capablanca Memorial group A"]
[Site "Cienfuegos City CUB"]
[Date "1983.??.??"]
[Round "4"]
[White "Remon Gay, Adelquis"]
[Black "Psakhis, Lev"]
[Result "0-1"]
[WhiteElo "2375"]
[BlackElo "2580"]
[EventDate "1983.05.??"]
[PlyCount "68"]

1.d4 Nf6 2.c4 e6 3.Nc3 Bb4 4.e3 c5 5.Ne2 b6 6.a3 Ba5 7.Bd2 Na6 8.Nb5 Bxd2+
9.Qxd2 d5 10.cxd5 exd5 11.Ng3 h5 12.Nc3 O-O 13.Be2 g6 14.h3 Nc7 15.Rd1 Qe7
16.Bf3 Ba6 17.Nge2 Rad8 18.Qc2 Ne6 19.dxc5 d4 20.exd4 Nxd4 21.Rxd4 Rxd4 
22.cxb6 axb6 23.O-O Rd6 24.Rd1 Rfd8 25.Rxd6 Rxd6 26.Qc1 Bb7 27.Bxb7 Qxb7 
28.Qf4 Qe7 29.Ng3 Nd5 30.Qe4 Qd7 31.Nce2 Nf6 32.Qh4 Rd1+ 33.Kh2 Qe7 34.Qf4
Ng4+ 0-1

[Event "18th Capablanca Memorial group A"]
[Site "Cienfuegos City CUB"]
[Date "1983.??.??"]
[Round "4"]
[White "Rivas Pastor, Manuel"]
[Black "Hernandez Onna, Roman"]
[Result "1/2-1/2"]
[WhiteElo "2465"]
[BlackElo "2435"]
[EventDate "1983.05.??"]
[PlyCount "65"]

1.d4 Nf6 2.c4 e6 3.Nf3 Bb4+ 4.Bd2 Qe7 5.g3 O-O 6.Bg2 Bxd2+ 7.Qxd2 d6 8.Nc3
Re8 9.O-O e5 10.e4 Bg4 11.d5 a5 12.Ne1 Na6 13.Nd3 Bd7 14.f4 a4 15.Qc2 Nc5 
16.Nxc5 dxc5 17.Rae1 Ra6 18.Nd1 Ng4 19.f5 Rb8 20.Bf3 Nf6 21.Re3 Ne8 22.Be2
f6 23.g4 Nd6 24.Rg3 b5 25.g5 fxg5 26.h4 Nf7 27.hxg5 Nxg5 28.cxb5 Rh6 29.
Nf2 Rh4 30.Kg2 Rf4 31.Bd3 Kh8 32.Rh1 Be8 33.Qe2 1/2-1/2

[Event "18th Capablanca Memorial group A"]
[Site "Cienfuegos City CUB"]
[Date "1983.??.??"]
[Round "4"]
[White "Boudy Bueno, Julio"]
[Black "Fernandez Gonzalez, Juan Carlos"]
[Result "1-0"]
[WhiteElo "2335"]
[BlackElo "2410"]
[EventDate "1983.05.??"]
[PlyCount "107"]

1.e4 d6 2.d4 Nf6 3.Nc3 g6 4.f4 Bg7 5.Nf3 O-O 6.Bd3 Na6 7.O-O c5 8.d5 Nc7 
9.Qe1 a6 10.a4 Bd7 11.a5 Rb8 12.Bd2 b5 13.axb6 Rxb6 14.b3 Bb5 15.Nxb5 axb5
16.c3 e6 17.dxe6 fxe6 18.Qh4 Nh5 19.Qxd8 Rxd8 20.Ra7 Rc6 21.Ng5 Rc8 22.f5 
exf5 23.exf5 d5 24.fxg6 hxg6 25.g4 c4 26.bxc4 bxc4 27.Bc2 Nf6 28.Bxg6 Bf8 
29.Rb7 Bc5+ 30.Kh1 Nxg4 31.Bf5 Rf8 32.Bh7+ Kh8 33.Rxf8+ Bxf8 34.Bf5 Nf6 
35.Nf7+ Kg8 36.Ne5 Re6 37.Bxe6+ Nxe6 38.Rb6 Ne4 39.Rxe6 Nxd2 40.Re8 Kg7 
41.Rd8 Ne4 42.Rxd5 Nxc3 43.Rd7+ Kh6 44.Nxc4 Ne4 45.Kg2 Bb4 46.Kf3 Nf6 47.
Rb7 Bc3 48.Kf4 Kg6 49.Rb6 Kh5 50.Kf5 Kh4 51.Ne3 Nh5 52.Rb3 Bg7 53.Kg6 Be5 
54.Ng2+ 1-0

[Event "18th Capablanca Memorial group A"]
[Site "Cienfuegos City CUB"]
[Date "1983.??.??"]
[Round "5"]
[White "Fernandez Gonzalez, Juan Carlos"]
[Black "Zapata Ramirez, Alonso"]
[Result "0-1"]
[WhiteElo "2410"]
[BlackElo "2425"]
[EventDate "1983.05.??"]
[PlyCount "82"]

1.d4 Nf6 2.Nf3 g6 3.Bf4 Bg7 4.e3 O-O 5.h3 d6 6.Be2 c5 7.c3 b6 8.Bh2 Bb7 9.
O-O Nbd7 10.Nbd2 Qc7 11.a4 a6 12.Qb1 Rfe8 13.Rd1 Rad8 14.Bc4 Qc6 15.e4 b5 
16.Bf1 e5 17.d5 Qb6 18.b3 Rb8 19.Qc2 Nh5 20.Ra2 Nf8 21.axb5 axb5 22.Rda1 
Bc8 23.Ra7 Qd8 24.Qa2 Bf6 25.Qa5 Bd7 26.Qxd8 Bxd8 27.c4 b4 28.g4 Ng7 29.
Ne1 h5 30.Be2 Bg5 31.Nef3 Be7 32.Ne1 f5 33.f3 Bg5 34.Nf1 Bc8 35.Nd3 Nd7 
36.Rc7 hxg4 37.hxg4 fxe4 38.fxe4 Rf8 39.Raa7 Rf7 40.Rc6 Ne8 41.Nf2 Bb7 0-1

[Event "18th Capablanca Memorial group A"]
[Site "Cienfuegos City CUB"]
[Date "1983.??.??"]
[Round "5"]
[White "Hernandez Onna, Roman"]
[Black "Boudy Bueno, Julio"]
[Result "1/2-1/2"]
[WhiteElo "2435"]
[BlackElo "2335"]
[EventDate "1983.05.??"]
[PlyCount "39"]

1.d4 Nf6 2.Nf3 g6 3.c4 Bg7 4.Nc3 O-O 5.e4 d6 6.Be2 e5 7.O-O Nc6 8.d5 Ne7 
9.Nd2 c5 10.dxc6 bxc6 11.b4 d5 12.a4 d4 13.Na2 Be6 14.Ba3 Nd7 15.Qc2 c5 
16.bxc5 Nc6 17.Rfb1 Qc7 18.Nc1 Rfe8 19.Nd3 Bf8 20.Rc1 1/2-1/2

[Event "18th Capablanca Memorial group A"]
[Site "Cienfuegos City CUB"]
[Date "1983.??.??"]
[Round "5"]
[White "Psakhis, Lev"]
[Black "Rivas Pastor, Manuel"]
[Result "1-0"]
[WhiteElo "2580"]
[BlackElo "2465"]
[EventDate "1983.05.??"]
[PlyCount "81"]

1.d4 Nf6 2.c4 e6 3.Nc3 Bb4 4.e3 c5 5.Bd3 Nc6 6.Ne2 d6 7.O-O O-O 8.a3 Bxc3 
9.Nxc3 e5 10.d5 Ne7 11.Qc2 g6 12.e4 Nh5 13.Bh6 Re8 14.b4 b6 15.Qd2 f6 16.
Be2 Kh8 17.Bxh5 gxh5 18.f4 exf4 19.Bxf4 a6 20.Bg3 Ng8 21.bxc5 bxc5 22.Qf4 
Re5 23.Bh4 Bg4 24.h3 Bd7 25.Rab1 Qe7 26.Bxf6+ Nxf6 27.Qxf6+ Qxf6 28.Rxf6 
Rg8 29.Kh2 Reg5 30.Rb2 Rg3 31.Rxd6 Bxh3 32.Rb8 Rxc3 33.Rxg8+ Kxg8 34.gxh3 
Rxc4 35.e5 Rd4 36.Rd7 Kf8 37.d6 Ke8 38.Re7+ Kd8 39.Kg3 c4 40.Kf3 c3 41.Rc7
1-0

[Event "18th Capablanca Memorial group A"]
[Site "Cienfuegos City CUB"]
[Date "1983.??.??"]
[Round "5"]
[White "Prandstetter, Eduard"]
[Black "Remon Gay, Adelquis"]
[Result "1-0"]
[WhiteElo "2430"]
[BlackElo "2375"]
[EventDate "1983.05.??"]
[PlyCount "63"]

1.e4 c5 2.Nf3 Nc6 3.d4 cxd4 4.Nxd4 Nf6 5.Nc3 e5 6.Ndb5 d6 7.Bg5 a6 8.Na3 
b5 9.Nd5 Be7 10.Bxf6 Bxf6 11.c3 O-O 12.Nc2 Rb8 13.g3 Bg5 14.Bg2 Be6 15.O-O
Qd7 16.Nce3 Bxe3 17.Nxe3 a5 18.Qd2 Rfd8 19.Rfd1 b4 20.Bf1 bxc3 21.bxc3 Ne7
22.Rab1 Rxb1 23.Rxb1 Qa4 24.c4 Nc6 25.Rb5 h6 26.Be2 Nb4 27.Qb2 Bd7 28.Bd1 
Bxb5 29.Bxa4 Bxa4 30.Qa3 Bd7 31.Qxa5 Nc6 32.Qc7 1-0

[Event "18th Capablanca Memorial group A"]
[Site "Cienfuegos City CUB"]
[Date "1983.??.??"]
[Round "5"]
[White "Rodriguez Cespedes, Amador"]
[Black "Pfleger, Helmut"]
[Result "0-1"]
[WhiteElo "2475"]
[BlackElo "2505"]
[EventDate "1983.05.??"]
[PlyCount "110"]

1.e4 d6 2.d4 Nf6 3.f3 c5 4.c3 Qc7 5.Be3 g6 6.Bd3 Bg7 7.Ne2 O-O 8.Nd2 b6 9.
b4 a5 10.b5 Bb7 11.O-O Nbd7 12.Kh1 e5 13.d5 h5 14.Nc4 Nh7 15.Qd2 Rae8 16.
Bc2 f5 17.exf5 gxf5 18.f4 e4 19.Bg1 Ndf6 20.Ne3 Ng4 21.Rad1 Nxe3 22.Qxe3 
Rf6 23.c4 Bc8 24.Ng3 Rh6 25.Rfe1 Nf6 26.Qd2 h4 27.Nf1 Nh5 28.Be3 Qf7 29.
Qf2 Qe7 30.Rb1 Kf7 31.Bd1 Ng3+ 32.Kg1 Rg8 33.Qc2 Nxf1 34.Kxf1 Kf8 35.Re2 
Rg6 36.Rf2 Bd7 37.Rb3 Rh6 38.a4 Be8 39.Kg1 Bh5 40.Bxh5 Rxh5 41.Qd1 Rh6 42.
Qf1 Rg6 43.Rd2 Ke8 44.Re2 Kd7 45.Ra2 Rg4 46.Kh1 Qf7 47.Re2 Bd4 48.Bc1 Rg3 
49.Be3 R8g7 50.h3 R7g6 51.Ra3 Qg7 52.Rb3 Kc7 53.Ra3 Kd8 54.Rb3 Kc8 55.Ra3 
Bxe3 0-1

[Event "18th Capablanca Memorial group A"]
[Site "Cienfuegos City CUB"]
[Date "1983.??.??"]
[Round "5"]
[White "Bielczyk, Jacek"]
[Black "Diaz Diaz, Joaquin"]
[Result "1-0"]
[WhiteElo "2410"]
[BlackElo "2365"]
[EventDate "1983.05.??"]
[PlyCount "55"]

1.e4 c5 2.Nf3 d6 3.d4 cxd4 4.Nxd4 Nf6 5.Nc3 a6 6.Bc4 e6 7.Bb3 b5 8.O-O Bb7
9.Bxe6 fxe6 10.Nxe6 Qd7 11.Nd5 Kf7 12.Ng5+ Kg8 13.Nb6 Qc6 14.Nxa8 h6 15.
Ne6 Qxe4 16.Nf4 Bxa8 17.Re1 Qc6 18.c3 Nbd7 19.Qb3+ d5 20.Ng6 Bc5 21.Be3 
Ng4 22.Bxc5 Qxg6 23.Bd4 Qd6 24.Re8+ Kf7 25.Rxh8 Qxh2+ 26.Kf1 Qh1+ 27.Ke2 
Qxg2 28.Qc2 1-0

[Event "18th Capablanca Memorial group A"]
[Site "Cienfuegos City CUB"]
[Date "1983.??.??"]
[Round "6"]
[White "Zapata Ramirez, Alonso"]
[Black "Diaz Diaz, Joaquin"]
[Result "0-1"]
[WhiteElo "2425"]
[BlackElo "2365"]
[EventDate "1983.05.??"]
[PlyCount "112"]

1.e4 c5 2.Nf3 d6 3.d4 cxd4 4.Nxd4 Nf6 5.Nc3 a6 6.a4 e5 7.Nf3 Be7 8.Bc4 Be6
9.Bb3 Nc6 10.O-O O-O 11.Bg5 Rc8 12.Bxf6 Bxf6 13.Nd5 Kh8 14.c3 Na5 15.Ba2 
Nc4 16.Bxc4 Rxc4 17.Qd3 Rc5 18.Ne3 Qc7 19.Ra3 Rc8 20.Rd1 Be7 21.h3 g6 22.
Rc1 Kg7 23.b4 Rc6 24.a5 Bc4 25.Qb1 Rd8 26.Nd2 Be6 27.Nd5 Qd7 28.Nb6 Qe8 
29.c4 Bg5 30.Qd3 f5 31.Rd1 Qf7 32.Rc3 Bh4 33.Qe2 Rf8 34.Rdc1 Bd8 35.Na4 
Bg5 36.exf5 gxf5 37.Nb6 Kh8 38.R1c2 Rg8 39.Nf1 Qg7 40.Ng3 f4 41.Ne4 Bh4 
42.Qf3 Bf5 43.Re2 d5 44.Nxd5 Rg6 45.Kf1 Rxg2 46.Ke1 Bxe4 47.Qxe4 Bxf2+ 48.
Kd1 Rg1+ 49.Kc2 Bd4 50.Rd3 Ra1 51.Nc3 Qg1 52.Rd1 Rxd1 53.Nxd1 Qf1 54.Qd3 
Rg3 55.Re3 Qg2+ 56.Re2 Qf3 0-1

[Event "18th Capablanca Memorial group A"]
[Site "Cienfuegos City CUB"]
[Date "1983.??.??"]
[Round "6"]
[White "Pfleger, Helmut"]
[Black "Bielczyk, Jacek"]
[Result "1/2-1/2"]
[WhiteElo "2505"]
[BlackElo "2410"]
[EventDate "1983.05.??"]
[PlyCount "29"]

1.Nf3 Nf6 2.g3 d6 3.d4 g6 4.Bg2 Bg7 5.O-O O-O 6.Nc3 Nbd7 7.e4 e5 8.h3 Re8 
9.d5 Nb6 10.a3 a5 11.b3 c6 12.Be3 cxd5 13.exd5 Bf5 14.g4 Rc8 15.gxf5 
1/2-1/2

[Event "18th Capablanca Memorial group A"]
[Site "Cienfuegos City CUB"]
[Date "1983.??.??"]
[Round "6"]
[White "Remon Gay, Adelquis"]
[Black "Rodriguez Cespedes, Amador"]
[Result "1/2-1/2"]
[WhiteElo "2375"]
[BlackElo "2475"]
[EventDate "1983.05.??"]
[PlyCount "22"]

1.d4 Nf6 2.Nf3 e6 3.g3 Be7 4.Bg2 O-O 5.O-O d5 6.c4 dxc4 7.Qc2 a6 8.Qxc4 b5
9.Qc2 Bb7 10.Bf4 Nc6 11.Rd1 Nb4 1/2-1/2

[Event "18th Capablanca Memorial group A"]
[Site "Cienfuegos City CUB"]
[Date "1983.??.??"]
[Round "6"]
[White "Rivas Pastor, Manuel"]
[Black "Prandstetter, Eduard"]
[Result "1/2-1/2"]
[WhiteElo "2465"]
[BlackElo "2430"]
[EventDate "1983.05.??"]
[PlyCount "121"]

1.d4 Nf6 2.c4 e6 3.Nf3 b6 4.Bf4 Bb7 5.e3 Bb4+ 6.Nbd2 Be7 7.h3 O-O 8.Bd3 c5
9.O-O cxd4 10.Nxd4 d6 11.Bh2 Nbd7 12.Rc1 Nc5 13.Bb1 Qd7 14.b4 Na6 15.a3 g6
16.Qb3 Rad8 17.Rfd1 Qc8 18.Bd3 Qa8 19.Bf1 Nb8 20.Nb1 Ne8 21.Nc3 Nc6 22.
Ncb5 Nxd4 23.Nxd4 Ng7 24.Rd2 Nf5 25.Nxf5 gxf5 26.Rcd1 d5 27.Be5 f6 28.Bb2 
Kf7 29.f3 Rg8 30.Kf2 Qb8 31.f4 dxc4 32.Qxc4 Rxd2+ 33.Rxd2 Qa8 34.g3 Rd8 
35.Rxd8 Qxd8 36.Be2 Qc8 37.Qxc8 Bxc8 38.Bc4 Bd6 39.Ke2 Bb7 40.Kd2 Bg2 41.
h4 Bf3 42.Bc3 Ke7 43.Kc2 Bc6 44.Bd4 Be4+ 45.Kb3 Bf3 46.Bb5 Bd1+ 47.Kb2 Bf3
48.Bc3 Bd5 49.a4 Bb7 50.Bc4 Bc6 51.Kb3 Bf3 52.a5 Bd1+ 53.Kb2 Bf3 54.Bb5 
bxa5 55.bxa5 Bc5 56.Bd2 Kd6 57.Kb3 Bd5+ 58.Kc2 Be4+ 59.Kb3 Bd5+ 60.Kc2 
Be4+ 61.Kb3 1/2-1/2

[Event "18th Capablanca Memorial group A"]
[Site "Cienfuegos City CUB"]
[Date "1983.??.??"]
[Round "6"]
[White "Fernandez Gonzalez, Juan Carlos"]
[Black "Hernandez Onna, Roman"]
[Result "1/2-1/2"]
[WhiteElo "2410"]
[BlackElo "2435"]
[EventDate "1983.05.??"]
[PlyCount "23"]

1.e4 e5 2.Nf3 Nc6 3.Bb5 a6 4.Ba4 Nf6 5.d4 exd4 6.O-O Be7 7.Re1 O-O 8.e5 
Ne8 9.c3 dxc3 10.Nxc3 d6 11.exd6 cxd6 12.Bf4 1/2-1/2